[Event "4NCL9495 2nd Season"]
[Site "Various Venues"]
[Date "1994.11.27"]
[Round "4.2"]
[White "Richardson, John R"]
[Black "Duncan, Christopher R"]
[Result "0-1"]
[WhiteElo "2290"]
[BlackElo "2310"]
[PlyCount "96"]
[EventDate "1994.10.01"]
[EventType "team-tourn"]
[EventRounds "11"]
[EventCountry "GBR"]
[SourceTitle "BritBase 18May2020"]
[SourceDate "2020.05.18"]
[SourceVersionDate "2020.05.18"]
[WhiteTeam "Slough"]
[BlackTeam "Barbican"]
[WhiteTeamCountry "ENG"]
[BlackTeamCountry "ENG"]

1. d4 d5 2. c4 dxc4 3. Nf3 Nf6 4. Nc3 c5 5. e3 a6 6. Bxc4 b5 7. Bd3 e6 8. O-O
Bb7 9. Qe2 Nbd7 10. Rd1 cxd4 11. exd4 Be7 12. Bg5 O-O 13. a3 Nd5 14. Qe4 g6 15.
Qh4 Bxg5 16. Nxg5 h5 17. Re1 Nxc3 18. bxc3 Rc8 19. Re3 Qf6 20. g4 Qf4 21. Be2
Kg7 22. Nh3 Qf6 23. Ng5 Kh6 24. Nf3 Bxf3 25. g5+ Qxg5+ 26. Qxg5+ Kxg5 27. Bxf3
Rc7 28. a4 Rfc8 29. axb5 axb5 30. Ra5 Rxc3 31. Rxb5+ Kf4 32. Rxc3 Rxc3 33. Ba8
Rd3 34. d5 exd5 35. Bxd5 f5 36. Kg2 h4 37. h3 Rd4 38. Bf7 Ne5 39. Be6 Nd3 40.
Bf7 Kg5 41. Rb3 Nf4+ 42. Kh2 Rd2 43. Kg1 Nd3 44. Rb6 Nxf2 45. Rxg6+ Kf4 46. Rb6
Kg3 47. Rb3+ Nd3 48. Kf1 Kh2 0-1

[Event "4NCL9495 2nd Season"]
[Site "Various Venues"]
[Date "1994.11.27"]
[Round "4.3"]
[White "Piper, Matthew"]
[Black "Houska, Miroslav"]
[Result "1/2-1/2"]
[WhiteElo "2285"]
[BlackElo "2245"]
[PlyCount "82"]
[EventDate "1994.10.01"]
[EventType "team-tourn"]
[EventRounds "11"]
[EventCountry "GBR"]
[SourceTitle "BritBase 18May2020"]
[SourceDate "2020.05.18"]
[SourceVersionDate "2020.05.18"]
[WhiteTeam "Barbican"]
[BlackTeam "Slough"]
[WhiteTeamCountry "ENG"]
[BlackTeamCountry "ENG"]

1. e4 c5 2. Nf3 e6 3. b3 Nc6 4. Bb5 Nge7 5. O-O a6 6. Bxc6 Nxc6 7. Bb2 d6 8. d4
cxd4 9. Nxd4 e5 10. Ne2 Be7 11. Nbc3 O-O 12. Nd5 Be6 13. Ba3 Re8 14. Ng3 Bf8
15. Nf5 Qa5 16. Bxd6 Bxf5 17. Bc7 Qc5 18. Bb6 Qd6 19. exf5 Nb4 20. Nxb4 Qxb4
21. Be3 Rad8 22. Qe1 Qg4 23. f6 gxf6 24. f3 Qc8 25. c4 Rd3 26. Kh1 Kh8 27. Rd1
Qd7 28. Bb6 Re6 29. c5 f5 30. Rxd3 Qxd3 31. Qf2 Be7 32. Re1 Bf6 33. Qe3 Qxe3
34. Rxe3 e4 35. fxe4 fxe4 36. g4 Bd4 37. Re2 h5 38. h3 e3 39. Kg2 Kg7 40. b4
hxg4 41. hxg4 Kg6 1/2-1/2

[Event "4NCL9495 2nd Season"]
[Site "Various Venues"]
[Date "1994.11.27"]
[Round "4.4"]
[White "Webb, Richard M"]
[Black "Kenworthy, Gary"]
[Result "1/2-1/2"]
[WhiteElo "2320"]
[BlackElo "2290"]
[PlyCount "57"]
[EventDate "1994.10.01"]
[EventType "team-tourn"]
[EventRounds "11"]
[EventCountry "GBR"]
[SourceTitle "BritBase 18May2020"]
[SourceDate "2020.05.18"]
[SourceVersionDate "2020.05.18"]
[WhiteTeam "Slough"]
[BlackTeam "Barbican"]
[WhiteTeamCountry "ENG"]
[BlackTeamCountry "ENG"]

1. e4 c5 2. Nc3 Nc6 3. Nge2 d6 4. d4 cxd4 5. Nxd4 e6 6. Be3 Nf6 7. Bc4 a6 8.
Bb3 Qc7 9. Qe2 Be7 10. O-O-O Na5 11. g4 b5 12. g5 Nxb3+ 13. axb3 Nd7 14. h4 Bb7
15. f3 b4 16. Na4 Nc5 17. Kb1 Qa5 18. h5 Rc8 19. g6 Bf6 20. gxf7+ Kxf7 21. Nxc5
Rxc5 22. Qd3 Rd8 23. h6 g6 24. Ne2 Rcc8 25. f4 Qb5 26. Rhf1 Qxd3 27. cxd3 Rd7
28. Nd4 Rdc7 29. Nf3 1/2-1/2

[Event "4NCL9495 2nd Season"]
[Site "Various Venues"]
[Date "1994.11.27"]
[Round "4.5"]
[White "Byway, Paul V"]
[Black "Thompson, Ian D"]
[Result "0-1"]
[WhiteElo "2295"]
[BlackElo "2300"]
[PlyCount "68"]
[EventDate "1994.10.01"]
[EventType "team-tourn"]
[EventRounds "11"]
[EventCountry "GBR"]
[SourceTitle "BritBase 18May2020"]
[SourceDate "2020.05.18"]
[SourceVersionDate "2020.05.18"]
[WhiteTeam "Barbican"]
[BlackTeam "Slough"]
[WhiteTeamCountry "ENG"]
[BlackTeamCountry "ENG"]

1. c4 e6 2. Nf3 Nf6 3. g3 b6 4. Bg2 Bb7 5. O-O c5 6. b3 Be7 7. Bb2 O-O 8. Qc2
d5 9. cxd5 exd5 10. d4 Nc6 11. dxc5 bxc5 12. Nbd2 Nb4 13. Qb1 a5 14. Ne5 Qc7
15. a3 Nc6 16. Ndf3 Ne4 17. Qc2 Rfe8 18. Rac1 Bd6 19. Nxc6 Bxc6 20. Nd4 Bd7 21.
f3 Nf6 22. Nf5 Be5 23. e4 Bxb2 24. Qxb2 Bxf5 25. exf5 Qb6 26. Qf2 d4 27. Rfe1
Rxe1+ 28. Qxe1 Qxb3 29. Rxc5 Qxa3 30. f4 Qxc5 31. Bxa8 d3+ 32. Qf2 Qc1+ 33. Kg2
Qc2 34. Kf3 d2 0-1

[Event "4NCL9495 2nd Season"]
[Site "Various Venues"]
[Date "1994.11.27"]
[Round "4.6"]
[White "Noyce, Robert C"]
[Black "Reuben, Stewart"]
[Result "1-0"]
[WhiteElo "2190"]
[BlackElo "2270"]
[PlyCount "79"]
[EventDate "1994.10.01"]
[EventType "team-tourn"]
[EventRounds "11"]
[EventCountry "GBR"]
[SourceTitle "BritBase 18May2020"]
[SourceDate "2020.05.18"]
[SourceVersionDate "2020.05.18"]
[WhiteTeam "Slough"]
[BlackTeam "Barbican"]
[WhiteTeamCountry "ENG"]
[BlackTeamCountry "ENG"]

1. Nf3 c5 2. g3 Nc6 3. Bg2 g6 4. O-O Bg7 5. d3 d6 6. e4 e6 7. Nc3 Nge7 8. Bf4
e5 9. Be3 Nd4 10. Nd2 Be6 11. Nd5 Bxd5 12. exd5 O-O 13. a4 Ndf5 14. Nc4 Nxe3
15. Nxe3 b6 16. Nc4 a6 17. c3 b5 18. axb5 axb5 19. Rxa8 Qxa8 20. Nxd6 Qa2 21.
Qa1 Qb3 22. Nb7 c4 23. Na5 Qc2 24. dxc4 bxc4 25. Nxc4 Qb3 26. Na5 Qb6 27. Qa3
Nf5 28. b4 Rb8 29. Nc6 Re8 30. c4 Nd4 31. Nxd4 exd4 32. Rd1 Rb8 33. b5 Bf8 34.
Qa6 Bc5 35. d6 Qxa6 36. bxa6 Kf8 37. Bc6 f5 38. Re1 d3 39. d7 d2 40. Rd1 {time}
1-0

[Event "4NCL9495 2nd Season"]
[Site "Various Venues"]
[Date "1994.11.27"]
[Round "4.7"]
[White "Flower, David"]
[Black "Smith, Andrew Philip"]
[Result "1/2-1/2"]
[WhiteElo "2060"]
[BlackElo "2280"]
[PlyCount "39"]
[EventDate "1994.10.01"]
[EventType "team-tourn"]
[EventRounds "11"]
[EventCountry "GBR"]
[SourceTitle "BritBase 18May2020"]
[SourceDate "2020.05.18"]
[SourceVersionDate "2020.05.18"]
[WhiteTeam "Barbican"]
[BlackTeam "Slough"]
[WhiteTeamCountry "ENG"]
[BlackTeamCountry "ENG"]

1. e4 e5 2. Nc3 c6 3. d4 d6 4. dxe5 dxe5 5. Qxd8+ Kxd8 6. Be3 Be6 7. Nf3 f6 8.
Be2 Bb4 9. O-O Bxc3 10. bxc3 Nd7 11. a4 Ne7 12. Rfd1 Kc7 13. Nd2 Rhd8 14. Nc4
Nb6 15. Nb2 Rxd1+ 16. Rxd1 Rd8 17. Rxd8 Kxd8 18. a5 Nbc8 19. Bc4 Bxc4 20. Nxc4
1/2-1/2

[Event "4NCL9495 2nd Season"]
[Site "Various Venues"]
[Date "1994.11.27"]
[Round "4.1"]
[White "Beaumont, Chris"]
[Black "Ansell, Simon"]
[Result "1/2-1/2"]
[WhiteElo "2350"]
[BlackElo "2320"]
[PlyCount "77"]
[EventDate "1994.10.01"]
[EventType "team-tourn"]
[EventRounds "11"]
[EventCountry "GBR"]
[SourceTitle "BritBase 18May2020"]
[SourceDate "2020.05.18"]
[SourceVersionDate "2020.05.18"]
[WhiteTeam "Bristol"]
[BlackTeam "Witney"]
[WhiteTeamCountry "ENG"]
[BlackTeamCountry "ENG"]

1. Nf3 Nf6 2. c4 c5 3. Nc3 e6 4. g3 b6 5. Bg2 Bb7 6. O-O Be7 7. d4 cxd4 8. Qxd4
Nc6 9. Qf4 Qb8 10. Rd1 O-O 11. e4 d6 12. b3 Rd8 13. Ba3 d5 14. Qxb8 Raxb8 15.
Bxe7 Nxe7 16. cxd5 exd5 17. e5 Nd7 18. Nb5 Nc6 19. Re1 a6 20. Nbd4 Nxd4 21.
Nxd4 Nc5 22. Rad1 Ne6 23. Bh3 Ng5 24. Bg2 Ne6 25. f4 g6 26. Re2 Rbc8 27. Bh3
Nxd4 28. Rxd4 Rc7 29. Kf2 Bc8 30. Bg2 Be6 31. Red2 a5 32. Ke3 Rc3+ 33. Kf2 Rc1
34. Bf3 h5 35. Ke2 Rc5 36. Ke3 Kf8 37. Rd1 Ke7 38. R4d2 Bg4 39. Rd4 1/2-1/2

[Event "4NCL9495 2nd Season"]
[Site "Various Venues"]
[Date "1994.11.27"]
[Round "4.2"]
[White "Cobb, James"]
[Black "Karlsson, Agust Sindri"]
[Result "1/2-1/2"]
[WhiteElo "2265"]
[BlackElo "2315"]
[PlyCount "34"]
[EventDate "1994.10.01"]
[EventType "team-tourn"]
[EventRounds "11"]
[EventCountry "GBR"]
[SourceTitle "BritBase 18May2020"]
[SourceDate "2020.05.18"]
[SourceVersionDate "2020.05.18"]
[WhiteTeam "Witney"]
[BlackTeam "Bristol"]
[WhiteTeamCountry "ENG"]
[BlackTeamCountry "ENG"]

1. e4 e5 2. Nf3 Nc6 3. Bb5 a6 4. Ba4 d6 5. O-O Bd7 6. c3 Nf6 7. Re1 g6 8. d4
Qe7 9. Nbd2 Bg7 10. Nf1 O-O 11. Bg5 h6 12. Bh4 Qe8 13. Bc2 Bg4 14. Ne3 Bxf3 15.
Qxf3 exd4 16. Bxf6 dxe3 17. Rxe3 Ne5 1/2-1/2

[Event "4NCL9495 2nd Season"]
[Site "Various Venues"]
[Date "1994.11.27"]
[Round "4.3"]
[White "Wall, Gavin"]
[Black "Cobb, Charles"]
[Result "1/2-1/2"]
[WhiteElo "2275"]
[BlackElo "2170"]
[PlyCount "76"]
[EventDate "1994.10.01"]
[EventType "team-tourn"]
[EventRounds "11"]
[EventCountry "GBR"]
[SourceTitle "BritBase 18May2020"]
[SourceDate "2020.05.18"]
[SourceVersionDate "2020.05.18"]
[WhiteTeam "Bristol"]
[BlackTeam "Witney"]
[WhiteTeamCountry "ENG"]
[BlackTeamCountry "ENG"]

1. d4 e6 2. Nf3 Nf6 3. Bf4 c5 4. e3 Be7 5. Bd3 b6 6. Nbd2 Bb7 7. c3 cxd4 8.
exd4 O-O 9. h3 d6 10. Qe2 Nbd7 11. Ba6 Bxa6 12. Qxa6 e5 13. Bh2 e4 14. Ng1 Re8
15. Ne2 d5 16. O-O Nf8 17. a4 Bd6 18. Bxd6 Qxd6 19. a5 Rab8 20. Ra2 e3 21. fxe3
Rxe3 22. Nf4 Ng6 23. Nxg6 hxg6 24. Rfa1 Rxh3 25. Nf1 Rh5 26. Qxa7 bxa5 27. Re1
Ne4 28. Re3 Qf4 29. Rf3 Qd6 30. Rxf7 Rf8 31. Rxg7+ Kh8 32. Rf7 Rxf7 33. Qxf7
Rf5 34. Qe8+ Kh7 35. Ne3 Qf4 36. Nxf5 Qf2+ 37. Kh2 Qf4+ 38. Kg1 Qf2+ 1/2-1/2

[Event "4NCL9495 2nd Season"]
[Site "Various Venues"]
[Date "1994.11.27"]
[Round "4.4"]
[White "Brooks, Phil J"]
[Black "Phillips, Roy Jean Noel"]
[Result "1-0"]
[WhiteElo "2240"]
[BlackElo "2130"]
[PlyCount "61"]
[EventDate "1994.10.01"]
[EventType "team-tourn"]
[EventRounds "11"]
[EventCountry "GBR"]
[SourceTitle "BritBase 18May2020"]
[SourceDate "2020.05.18"]
[SourceVersionDate "2020.05.18"]
[WhiteTeam "Witney"]
[BlackTeam "Bristol"]
[WhiteTeamCountry "ENG"]
[BlackTeamCountry "ENG"]

1. d4 Nf6 2. c4 g6 3. Nc3 Bg7 4. e4 d6 5. Nge2 O-O 6. Ng3 c5 7. d5 e6 8. Bd3
exd5 9. cxd5 a6 10. a4 Nbd7 11. h3 Ne8 12. f4 Qh4 13. Qf3 Nef6 14. O-O Nb6 15.
Be3 Ne8 16. e5 Qd8 17. Qf2 Nd7 18. Rad1 dxe5 19. f5 Nd6 20. Nce4 Nxe4 21. Nxe4
b6 22. f6 Bh8 23. Qh4 Re8 24. Ng5 Nxf6 25. Rxf6 Qxf6 26. Qxh7+ Kf8 27. Rf1 Bf5
28. Bxf5 gxf5 29. Rxf5 Qxf5 30. Qxf5 Ra7 31. a5 1-0

[Event "4NCL9495 2nd Season"]
[Site "Various Venues"]
[Date "1994.11.27"]
[Round "4.5"]
[White "Binks, Michael E"]
[Black "Headlong, Timothy"]
[Result "1/2-1/2"]
[WhiteElo "2110"]
[BlackElo "2195"]
[PlyCount "43"]
[EventDate "1994.10.01"]
[EventType "team-tourn"]
[EventRounds "11"]
[EventCountry "GBR"]
[SourceTitle "BritBase 18May2020"]
[SourceDate "2020.05.18"]
[SourceVersionDate "2020.05.18"]
[WhiteTeam "Bristol"]
[BlackTeam "Witney"]
[WhiteTeamCountry "ENG"]
[BlackTeamCountry "ENG"]

1. d4 d5 2. Nf3 c5 3. g3 Nf6 4. Bg2 Nc6 5. O-O e6 6. c3 Be7 7. b3 O-O 8. Bb2 b6
9. Nbd2 Bb7 10. Qc2 cxd4 11. cxd4 Rc8 12. Qd1 b5 13. e3 Qb6 14. Ne5 Rc7 15.
Nxc6 Bxc6 16. Rc1 Rfc8 17. a3 a5 18. Qe2 Bb7 19. Rxc7 Rxc7 20. Rb1 Ba6 21. Bf1
Rc6 22. Qd1 1/2-1/2

[Event "4NCL9495 2nd Season"]
[Site "Various Venues"]
[Date "1994.11.27"]
[Round "4.6"]
[White "Haydon, Richard"]
[Black "Mordue, A Tyson"]
[Result "1/2-1/2"]
[WhiteElo "2190"]
[BlackElo "2230"]
[PlyCount "59"]
[EventDate "1994.10.01"]
[EventType "team-tourn"]
[EventRounds "11"]
[EventCountry "GBR"]
[SourceTitle "BritBase 18May2020"]
[SourceDate "2020.05.18"]
[SourceVersionDate "2020.05.18"]
[WhiteTeam "Witney"]
[BlackTeam "Bristol"]
[WhiteTeamCountry "ENG"]
[BlackTeamCountry "ENG"]

1. Nf3 d6 2. c4 g6 3. d4 Nf6 4. g3 Bg7 5. Bg2 O-O 6. O-O Nbd7 7. Qc2 c6 8. Rd1
Re8 9. h3 e5 10. dxe5 dxe5 11. Be3 Qc7 12. Nc3 Nf8 13. Bc5 Bf5 14. e4 Be6 15.
Bd6 Qc8 16. Kh2 N6d7 17. c5 f6 18. b4 Bf7 19. Bf1 Ne6 20. Bc4 a5 21. a3 axb4
22. axb4 b5 23. Rxa8 Qxa8 24. Nxb5 cxb5 25. Bxb5 Ndf8 26. Bxe8 Bxe8 27. Qc4 Qa4
28. Rd2 Bf7 29. Qc3 Be8 30. Qc4 1/2-1/2

[Event "4NCL9495 2nd Season"]
[Site "Various Venues"]
[Date "1994.11.27"]
[Round "4.7"]
[White "Rudd, Jack"]
[Black "Truran, Michael C"]
[Result "1/2-1/2"]
[WhiteElo "2250"]
[BlackElo "2220"]
[PlyCount "114"]
[EventDate "1994.10.01"]
[EventType "team-tourn"]
[EventRounds "11"]
[EventCountry "GBR"]
[SourceTitle "BritBase 18May2020"]
[SourceDate "2020.05.18"]
[SourceVersionDate "2020.05.18"]
[WhiteTeam "Bristol"]
[BlackTeam "Witney"]
[WhiteTeamCountry "ENG"]
[BlackTeamCountry "ENG"]

1. d4 f5 2. e4 fxe4 3. Nc3 Nf6 4. f3 e3 5. Bxe3 e6 6. Bd3 b6 7. Qd2 Bb7 8.
O-O-O Nc6 9. a3 Qe7 10. Nge2 O-O-O 11. Rhe1 Qf7 12. Ng3 Kb8 13. Bf4 Nd5 14.
Nxd5 exd5 15. Bg5 Re8 16. Rxe8+ Qxe8 17. Re1 Qf7 18. Qf4 Qxf4+ 19. Bxf4 Be7 20.
c3 g6 21. Nf1 Bf6 22. Ne3 Re8 23. Kd2 Nd8 24. Ng4 Rxe1 25. Kxe1 Be7 26. Be5 Ne6
27. g3 d6 28. Bf6 Bxf6 29. Nxf6 Nf8 30. h4 Kc8 31. h5 Kd8 32. g4 Ke7 33. g5 c6
34. f4 Bc8 35. Nxh7 Nxh7 36. hxg6 Nxg5 37. fxg5 Kf8 38. Kd2 Kg7 39. Ke3 c5 40.
Kf4 Bd7 41. b4 cxb4 42. cxb4 a5 43. Bf5 axb4 44. axb4 Bb5 45. Be6 Kxg6 46. Bxd5
Bd7 47. Bc4 Bc6 48. Be6 Bb5 49. Bf5+ Kf7 50. Ke4 Bc6+ 51. d5 Bb5 52. Kd4 Kg7
53. Bd3 Bd7 54. Ba6 Kg6 55. Kc4 Kxg5 56. Bb7 b5+ 57. Kd4 Bh3 1/2-1/2

[Event "4NCL9495 2nd Season"]
[Site "Various Venues"]
[Date "1994.11.27"]
[Round "4.1"]
[White "Bates, Richard A"]
[Black "Littlewood, Paul E"]
[Result "0-1"]
[WhiteElo "2355"]
[BlackElo "2445"]
[PlyCount "54"]
[EventDate "1994.10.01"]
[EventType "team-tourn"]
[EventRounds "11"]
[EventCountry "GBR"]
[SourceTitle "BritBase 18May2020"]
[SourceDate "2020.05.18"]
[SourceVersionDate "2020.05.18"]
[WhiteTeam "Covent Garden"]
[BlackTeam "Wood Green"]
[WhiteTeamCountry "ENG"]
[BlackTeamCountry "ENG"]

1. d4 Nf6 2. c4 g6 3. Nc3 Bg7 4. e4 d6 5. h3 O-O 6. Bg5 c6 7. Nf3 Qa5 8. Bd3 e5
9. d5 Nbd7 10. a3 h6 11. b4 Qd8 12. Be3 Nh5 13. Qd2 Nf4 14. Bf1 cxd5 15. cxd5
f5 16. g3 fxe4 17. Nxe4 Qe7 18. O-O-O Nb6 19. gxf4 exf4 20. Bxb6 Qxe4 21. Bd4
Bf5 22. Kb2 Rac8 23. Qd3 Rc2+ 24. Kb3 Qxd5+ 25. Qc4 Rxc4 26. Bxc4 Bc2+ 27. Kc3
Rc8 0-1

[Event "4NCL9495 2nd Season"]
[Site "Various Venues"]
[Date "1994.11.27"]
[Round "4.2"]
[White "Law, Andrew P"]
[Black "Pigott, John C"]
[Result "1/2-1/2"]
[WhiteElo "2360"]
[BlackElo "2385"]
[PlyCount "39"]
[EventDate "1994.10.01"]
[EventType "team-tourn"]
[EventRounds "11"]
[EventCountry "GBR"]
[SourceTitle "BritBase 18May2020"]
[SourceDate "2020.05.18"]
[SourceVersionDate "2020.05.18"]
[WhiteTeam "Wood Green"]
[BlackTeam "Covent Garden"]
[WhiteTeamCountry "ENG"]
[BlackTeamCountry "ENG"]

1. d4 Nf6 2. c4 e6 3. Nc3 Bb4 4. Qc2 c5 5. dxc5 O-O 6. a3 Bxc5 7. Nf3 Qb6 8. e3
Qc7 9. Bd3 Be7 10. O-O d6 11. b4 a6 12. Bb2 Nbd7 13. Rac1 b6 14. Ne4 h6 15.
Rfd1 Bb7 16. Nfd2 Rfd8 17. Nxf6+ Bxf6 18. Bxf6 Nxf6 19. Ne4 Nxe4 20. Bxe4
1/2-1/2

[Event "4NCL9495 2nd Season"]
[Site "Various Venues"]
[Date "1994.11.27"]
[Round "4.3"]
[White "Harley, Andrew D"]
[Black "Martin, Benjamin"]
[Result "0-1"]
[WhiteElo "2285"]
[BlackElo "2355"]
[PlyCount "56"]
[EventDate "1994.10.01"]
[EventType "team-tourn"]
[EventRounds "11"]
[EventCountry "GBR"]
[SourceTitle "BritBase 18May2020"]
[SourceDate "2020.05.18"]
[SourceVersionDate "2020.05.18"]
[WhiteTeam "Covent Garden"]
[BlackTeam "Wood Green"]
[WhiteTeamCountry "ENG"]
[BlackTeamCountry "ENG"]

1. e4 e6 2. d4 d5 3. Nc3 Bb4 4. e5 c5 5. Bd2 Ne7 6. dxc5 Nbc6 7. Qg4 O-O 8.
O-O-O Ng6 9. Nf3 Bxc5 10. Qh5 Bd7 11. Bd3 Nb4 12. Bxg6 fxg6 13. Qg4 Rf5 14. h4
Be7 15. Ne2 Qb6 16. Bxb4 Qxb4 17. Ned4 Raf8 18. Qg3 Rf4 19. c3 Qa5 20. Kb1 Qd8
21. Rd2 b5 22. Ng5 Qb6 23. Qe3 b4 24. Ndxe6 Bxe6 25. Qxb6 Bf5+ 26. Ka1 axb6 27.
g3 bxc3 28. bxc3 Rc4 0-1

[Event "4NCL9495 2nd Season"]
[Site "Various Venues"]
[Date "1994.11.27"]
[Round "4.4"]
[White "Sowray, Peter John"]
[Black "Moore, Gerald"]
[Result "1-0"]
[WhiteElo "2325"]
[BlackElo "2210"]
[PlyCount "95"]
[EventDate "1994.10.01"]
[EventType "team-tourn"]
[EventRounds "11"]
[EventCountry "GBR"]
[SourceTitle "BritBase 18May2020"]
[SourceDate "2020.05.18"]
[SourceVersionDate "2020.05.18"]
[WhiteTeam "Wood Green"]
[BlackTeam "Covent Garden"]
[WhiteTeamCountry "ENG"]
[BlackTeamCountry "ENG"]

1. e4 c5 2. Nf3 e6 3. d4 cxd4 4. Nxd4 Nf6 5. Nc3 d6 6. Bc4 Be7 7. Be3 O-O 8.
Bb3 Na6 9. f4 Nc5 10. Qf3 a6 11. g4 d5 12. e5 Nfe4 13. Nxe4 dxe4 14. Qe2 Bh4+
15. Kf1 Be7 16. Kg2 Qc7 17. Rad1 b6 18. h4 Bb7 19. Kg3 Rfd8 20. h5 Nxb3 21.
axb3 Bc5 22. c3 b5 23. b4 Bxd4 24. Bxd4 Qc6 25. Qe3 Rd7 26. f5 f6 27. exf6 e5
28. Bxe5 Rd3 29. Rxd3 exd3 30. Rh2 gxf6 31. Bd4 Re8 32. Qxd3 Re1 33. Bc5 Qc7+
34. Qd6 Rg1+ 35. Kh4 Qxd6 36. Bxd6 Bf3 37. Bg3 h6 38. Rf2 Bd1 39. Rd2 Kf7 40.
Kh3 Bf3 41. Rf2 Rh1+ 42. Bh2 Bd1 43. Rd2 Ke7 44. Kg2 Re1 45. Bd6+ Kf7 46. Kf2
Rh1 47. Rd4 Bb3 48. Bf4 1-0

[Event "4NCL9495 2nd Season"]
[Site "Various Venues"]
[Date "1994.11.27"]
[Round "4.5"]
[White "Franklin, Michael J"]
[Black "Lee, Graham D"]
[Result "1/2-1/2"]
[WhiteElo "2240"]
[BlackElo "2350"]
[PlyCount "119"]
[EventDate "1994.10.01"]
[EventType "team-tourn"]
[EventRounds "11"]
[EventCountry "GBR"]
[SourceTitle "BritBase 18May2020"]
[SourceDate "2020.05.18"]
[SourceVersionDate "2020.05.18"]
[WhiteTeam "Covent Garden"]
[BlackTeam "Wood Green"]
[WhiteTeamCountry "ENG"]
[BlackTeamCountry "ENG"]

1. d4 Nf6 2. Nf3 b5 3. Bf4 Bb7 4. e3 a6 5. c3 e6 6. Nbd2 Be7 7. Bd3 Nh5 8. Bg3
d6 9. O-O Nxg3 10. hxg3 O-O 11. Kh2 Nd7 12. Rh1 e5 13. Kg1 g6 14. Qe2 c5 15.
dxe5 dxe5 16. c4 b4 17. e4 Bg5 18. Nf1 Qe7 19. Ne3 Bxe3 20. Qxe3 Rfd8 21. Rh4
Nf8 22. Kh2 Rd7 23. Rh1 a5 24. Kg1 a4 25. Be2 a3 26. b3 f6 27. Kh2 Rad8 28. Ra1
Ne6 29. Ne1 Ng5 30. Nd3 Rd4 31. f3 Ne6 32. Rd1 Bc8 33. Kg1 h5 34. Rh1 Qg7 35.
Kf2 Bb7 36. Rhe1 Kf7 37. Rh1 Rh8 38. Qc1 g5 39. Qe3 h4 40. g4 Qf8 41. Qc1 Qd6
42. Qe3 Kg7 43. Qc1 Bc6 44. Qe3 Be8 45. Qc1 Bg6 46. Qe3 Rd8 47. Qc1 Nf4 48.
Nxf4 exf4 49. Qa1 Rd2 50. Ke1 Kf7 51. Qc1 Rd4 52. Qa1 Qe5 53. Rxd4 Rxd4 54. Kf2
Ke6 55. Rd1 Kd6 56. Rxd4+ cxd4 57. Bd3 Kc5 58. Qe1 Qe7 59. Qe2 Qh7 60. Kg1
1/2-1/2

[Event "4NCL9495 2nd Season"]
[Site "Various Venues"]
[Date "1994.11.27"]
[Round "4.7"]
[White "Lazarus, Simon E"]
[Black "Maduekwe, Chiedu U"]
[Result "1/2-1/2"]
[WhiteElo "2088"]
[BlackElo "2270"]
[PlyCount "48"]
[EventDate "1994.10.01"]
[EventType "team-tourn"]
[EventRounds "11"]
[EventCountry "GBR"]
[SourceTitle "BritBase 18May2020"]
[SourceDate "2020.05.18"]
[SourceVersionDate "2020.05.18"]
[WhiteTeam "Covent Garden"]
[BlackTeam "Wood Green"]
[WhiteTeamCountry "ENG"]
[BlackTeamCountry "ENG"]

1. d4 d5 2. c4 c6 3. Nf3 Nf6 4. Nc3 e6 5. Bg5 dxc4 6. e4 b5 7. e5 h6 8. Bh4 g5
9. exf6 gxh4 10. Ne5 Qxf6 11. a4 Bb7 12. Be2 Bg7 13. axb5 c5 14. Nxc4 Bxg2 15.
Rg1 h3 16. dxc5 Nd7 17. c6 Nc5 18. Qd6 Rd8 19. Rxa7 Qg5 20. Qxd8+ Kxd8 21. c7+
Kd7 22. Nb6+ Kd6 23. Nc4+ Kd7 24. Nb6+ Kd6 1/2-1/2

[Event "4NCL9495 2nd Season"]
[Site "Various Venues"]
[Date "1994.11.27"]
[Round "4.1"]
[White "Holland, Christopher"]
[Black "McDonald, Neil R"]
[Result "0-1"]
[WhiteElo "2265"]
[BlackElo "2460"]
[PlyCount "80"]
[EventDate "1994.10.01"]
[EventType "team-tourn"]
[EventRounds "11"]
[EventCountry "GBR"]
[SourceTitle "BritBase 18May2020"]
[SourceDate "2020.05.18"]
[SourceVersionDate "2020.05.18"]
[WhiteTeam "Na Fianna"]
[BlackTeam "Invicta Knights"]
[WhiteTeamCountry "IRL"]
[BlackTeamCountry "ENG"]

1. c4 e6 2. Nc3 d5 3. d4 f5 4. cxd5 exd5 5. g3 Nf6 6. Bg2 c6 7. Nh3 Bd6 8. Nf4
O-O 9. Nd3 Na6 10. O-O Nc7 11. e3 a5 12. b3 Ne6 13. f4 Ne4 14. Bb2 b6 15. Rc1
Ba6 16. Re1 Bxd3 17. Qxd3 Bb4 18. a3 Bxc3 19. Bxc3 Qd7 20. Bb2 g5 21. Qe2 gxf4
22. gxf4 Rf6 23. Kh1 Nf8 24. Bxe4 fxe4 25. Rg1+ Ng6 26. Qh5 Raf8 27. Rg5 Kh8
28. Rcg1 Qf7 29. Qh3 Ne7 30. a4 b5 31. axb5 cxb5 32. Qd7 Nf5 33. Qxb5 h6 34.
R5g2 Nxe3 35. Ba3 Nxg2 36. Bxf8 Qxf8 37. Rxg2 Rxf4 38. Rg3 e3 39. Qxd5 Qe8 40.
Qd6 Qe4+ 0-1

[Event "4NCL9495 2nd Season"]
[Site "Various Venues"]
[Date "1994.11.27"]
[Round "4.2"]
[White "Dickenson, Neil F"]
[Black "Wallace, Paul Anthony"]
[Result "1-0"]
[WhiteElo "2315"]
[BlackElo "2230"]
[PlyCount "63"]
[EventDate "1994.10.01"]
[EventType "team-tourn"]
[EventRounds "11"]
[EventCountry "GBR"]
[SourceTitle "BritBase 18May2020"]
[SourceDate "2020.05.18"]
[SourceVersionDate "2020.05.18"]
[WhiteTeam "Invicta Knights"]
[BlackTeam "Na Fianna"]
[WhiteTeamCountry "ENG"]
[BlackTeamCountry "IRL"]

1. d4 Nf6 2. c4 g6 3. Nc3 Bg7 4. e4 d6 5. f4 O-O 6. Nf3 Nbd7 7. e5 Ne8 8. h4 c5
9. e6 fxe6 10. h5 cxd4 11. Nxd4 Nc5 12. hxg6 hxg6 13. Nf3 Nf6 14. Qc2 Qe8 15.
b4 Na6 16. a3 e5 17. fxe5 Ng4 18. c5 Nc7 19. Bc4+ Be6 20. Nb5 Bxc4 21. Qxc4+ d5
22. Qxg4 Nxb5 23. Qh4 Rf5 24. Qh7+ Kf8 25. Bh6 Qf7 26. Qh8+ Qg8 27. Bxg7+ Kf7
28. Qxg8+ Rxg8 29. Bh6 g5 30. O-O Kg6 31. Bxg5 Rxf3 32. Rxf3 1-0